| 000 | 00634cam a22001451 4500 | ||
|---|---|---|---|
| 082 |
_a947 _bRAV _cD |
||
| 100 | 1 |
_aRavenstein, Ernst Georg, _950244 |
|
| 245 | 1 | 4 |
_aThe Russians on the Amur _bits discovery, conquest, and colonization, with a description of the country, its inhabitants, productions, and commercial capabilities ... _cBy E. G. Ravenstein ... |
| 260 |
_aLondon, _bTrübner and co., _c1861. |
||
| 300 |
_axx, 467 p. _billus., 4 pl. (incl. front.) 3 maps. _c22 cm. |
||
| 526 |
_a0 _b0 _c0 _d947_000000000000000_RAV |
||
| 650 |
_aMCE _9379 |
||
| 856 | 4 | 0 | _uhttp://www.columbia.edu/cgi-bin/cul/resolve?clio11156008 |
| 942 |
_2ddc _cBK |
||
| 999 |
_c552971 _d552971 |
||